| 000 | 01028nam a2200193 i 4500 | ||
|---|---|---|---|
| 001 | 189520 | ||
| 003 | ES-MaACL | ||
| 005 | 20230906223507.0 | ||
| 008 | 190606s1975 sp |||| | spa d | ||
| 080 | _a347.625.22(46)(042) | ||
| 100 | 1 |
_aSánchez-Ventura y Pascual, José María. _9102978 |
|
| 245 | 1 | 3 |
_aEl Año Internacional de la Mujer y el nuevo estado jurídico de la mujer casada española : _bdiscurso / _cpronunciado por... D. José María Sánchez-Ventura y Pascual, ministro de Justicia, en la sesión académica celebrada en La Coruña el día 14 de julio de 1975, por la Academia Gallega de Jurisprudencia y Legislación ; [palabras del... Sr. D. Manuel Iglesias Corral]. |
| 260 |
_aLa Coruña : _bAcademia Gallega de Jurisprudencia y Legislación, _c1975. |
||
| 300 |
_a42 p. ; _c27 cm. |
||
| 650 |
_aMujeres casadas- _xEstatuto jurídico- _zEspaña. _9146061 |
||
| 700 | 1 |
_aIglesias Corral, Manuel. _9158835 |
|
| 710 | 2 |
_aAcademia Gallega de Jurisprudencia y Legislación. _91197 |
|
| 852 | 4 |
_aES-MaACL _j2341-F-18 |
|
| 999 |
_c189520 _d189520 |
||